[Event "TATA 14th IBCA Olympiad"]
[Site "Chennai IND"]
[Date "2012.08.16"]
[Round "6.1"]
[White "Mousavi, Emadeddin"]
[Black "Pulvett, Daniel"]
[Result "0-1"]
[BlackTitle "IM"]
[WhiteElo "1877"]
[BlackElo "2383"]
[WhiteTeam "Iran"]
[BlackTeam "Venezuela"]
[WhiteFideId "12522031"]
[BlackFideId "3900410"]
[EventDate "2012.08.10"]
[EventType "team"]

1. e4 c5 2. Nf3 d6 3. d4 cxd4 4. Nxd4 Nf6 5. Nc3 g6 6. Be3 Bg7 7. Qd2 Ng4 8.
Bb5+ Bd7 9. Bxd7+ Qxd7 10. f3 Nxe3 11. Qxe3 Nc6 12. Nce2 Rc8 13. c3 O-O 14. O-O
e5 15. Nb3 d5 16. Nc5 Qc7 17. exd5 Ne7 18. Nb3 Nxd5 19. Qxa7 Bh6 20. Qa5 Qc4 21.
Rfd1 Rfd8 22. Ng3 b6 23. Qa7 Rc7 24. Qa3 Bf8 25. Nd2 Qd3 26. Qb3 Ne3 27. Qxb6
Nxd1 28. Nge4 Bc5+ 29. Nxc5 Qe3+ 30. Kh1 Nf2+ 0-1

[Event "TATA 14th IBCA Olympiad"]
[Site "Chennai IND"]
[Date "2012.08.16"]
[Round "6.2"]
[White "Otero, Harlen"]
[Black "Safaei, Maliheh"]
[Result "1-0"]
[WhiteElo "2038"]
[BlackElo "1756"]
[WhiteTeam "Venezuela"]
[BlackTeam "Iran"]
[WhiteFideId "3902005"]
[BlackFideId "12501832"]
[EventDate "2012.08.10"]
[EventType "team"]

1. c4 e6 2. Nc3 d5 3. d4 c6 4. Nf3 Nf6 5. cxd5 exd5 6. Qc2 Nbd7 7. Bg5 Be7 8. e3
O-O 9. Bd3 Re8 10. O-O Nf8 11. Bxf6 Bxf6 12. b4 a6 13. a4 Bd7 14. b5 axb5 15.
axb5 g6 16. Nd2 Ne6 17. Nb3 Be7 18. Rxa8 Qxa8 19. Ra1 Qb8 20. b6 Bd6 21. g3 Qd8
22. Na4 Qe7 23. Nac5 Bc8 24. Nxe6 Bxe6 25. Nc5 Bc8 26. Ra7 h5 27. Ra8 Kg7 28.
Bf1 h4 29. Qc3 hxg3 30. hxg3 Qg5 31. e4 Bxc5 32. dxc5+ Kh7 33. Bh3 f5 34. exd5 1-0

[Event "TATA 14th IBCA Olympiad"]
[Site "Chennai IND"]
[Date "2012.08.16"]
[Round "6.1"]
[White "Mlacnik, Franc"]
[Black "Vrioni, Bersan"]
[Result "1/2-1/2"]
[WhiteElo "2124"]
[BlackElo "1855"]
[WhiteTeam "Slovenia"]
[BlackTeam "Italy"]
[WhiteFideId "14601923"]
[BlackFideId "805351"]
[EventDate "2012.08.10"]
[EventType "team"]

1. d4 Nf6 2. c4 g6 3. Nc3 d6 4. e4 Bg7 5. Nge2 O-O 6. Ng3 Nbd7 7. Be2 c5 8. d5
a6 9. O-O Kh8 10. Bg5 h6 11. Be3 Ne5 12. h3 Kh7 13. f4 Ned7 14. e5 dxe5 15. f5
Qc7 16. Qc2 g5 17. Nge4 Kg8 18. g4 b6 19. Rad1 Nxe4 20. Nxe4 Nf6 21. Qd2 Bb7 22.
Bf3 Rfd8 23. h4 Nxe4 24. Bxe4 f6 25. b3 Bc8 26. Qh2 Rd6 27. Bc1 Ra7 28. hxg5
fxg5 29. Bb2 Rd8 30. Rf3 Rf8 31. Rdf1 Qd6 32. Re3 Rf7 33. Rfe1 Bd7 34. R1e2 Bf6
35. Bc3 a5 36. a4 Ra8 37. Rh3 Bg7 38. Be1 Re8 39. Bg3 Bc8 40. Re1 Qf6 41. Qe2
Bd7 42. Qb2 Kh7 43. Qh2 1/2-1/2

[Event "TATA 14th IBCA Olympiad"]
[Site "Chennai IND"]
[Date "2012.08.16"]
[Round "6.2"]
[White "Casadei, Marco"]
[Black "Muri, Emil"]
[Result "0-1"]
[WhiteElo "1803"]
[BlackElo "2018"]
[WhiteTeam "Italy"]
[BlackTeam "Slovenia"]
[WhiteFideId "847542"]
[BlackFideId "14601354"]
[EventDate "2012.08.10"]
[EventType "team"]

1. e4 e5 2. Nf3 Nc6 3. Bc4 Nf6 4. Ng5 d5 5. exd5 b5 6. Bf1 Nd4 7. c3 Nxd5 8.
cxd4 Qxg5 9. Bxb5+ Kd8 10. O-O Bb7 11. Qf3 exd4 12. Re1 Bd6 13. d3 Qg6 14. Qe4
f5 15. Bg5+ Kc8 16. Qe6+ Qxe6 17. Rxe6 a6 18. Bc4 Kd7 19. Re1 Rae8 20. Na3 f4
21. f3 Ne3 22. Rac1 h6 23. Bh4 g5 24. Bf2 h5 25. Bxe3 dxe3 26. d4 g4 27. Be2
Rhg8 28. Kh1 Rg5 29. Rg1 Reg8 30. Nc4 gxf3 31. gxf3 Rxg1+ 32. Rxg1 Rxg1+ 33.
Kxg1 Ke6 34. Na5 Bc8 35. Kg2 Kd5 36. Nb3 Bb4 37. a3 Be1 38. Kf1 Bf2 39. Kg2 Bh4
40. Nc5 a5 41. Nb3 Be1 42. Kf1 Bd2 43. Kg1 Bf5 44. Bd1 Bd3 45. Nxd2 exd2 0-1

[Event "TATA 14th IBCA Olympiad"]
[Site "Chennai IND"]
[Date "2012.08.16"]
[Round "6.3"]
[White "Znuderl, Matej"]
[Black "Pugliese, Giuseppe"]
[Result "1-0"]
[WhiteElo "1986"]
[BlackElo "1786"]
[WhiteTeam "Slovenia"]
[BlackTeam "Italy"]
[WhiteFideId "14604337"]
[BlackFideId "821063"]
[EventDate "2012.08.10"]
[EventType "team"]

1. c4 Nf6 2. d4 c5 3. d5 e6 4. Nc3 exd5 5. cxd5 d6 6. e4 g6 7. Nf3 Bg7 8. Be2
O-O 9. O-O a6 10. a4 Re8 11. Qc2 Nbd7 12. Bg5 Qc7 13. Rfe1 h6 14. Bf4 Ng4 15. h3
Nge5 16. Qd2 Nxf3+ 17. Bxf3 g5 18. Bh2 Ne5 19. Be2 Ng6 20. Rac1 Qe7 21. a5 Bd7
22. f3 Bd4+ 23. Kh1 f5 24. exf5 Bxf5 25. Bb5 axb5 26. Rxe7 Rxe7 27. Re1 Be5 28.
Nxb5 Rd8 29. Na3 Rde8 30. Nc4 Bf4 31. Rxe7 Bxd2 32. Rxe8+ Kf7 33. Nxd6+ Kf6 34.
Nxb7 Bd7 1-0

[Event "TATA 14th IBCA Olympiad"]
[Site "Chennai IND"]
[Date "2012.08.16"]
[Round "6.4"]
[White "Murgia, Stefano"]
[Black "Cizman, Gregor"]
[Result "1-0"]
[WhiteElo "1709"]
[BlackElo "1784"]
[WhiteTeam "Italy"]
[BlackTeam "Slovenia"]
[WhiteFideId "876011"]
[BlackFideId "14605660"]
[EventDate "2012.08.10"]
[EventType "team"]

1. e4 d5 2. exd5 Qxd5 3. Nc3 Qa5 4. Bc4 c6 5. Qe2 Nf6 6. d4 Bf5 7. Bd2 Qc7 8.
O-O-O e6 9. h3 Be7 10. g4 Bg6 11. f4 O-O 12. Nf3 Nd5 13. Ne5 Bd6 14. h4 Bxe5 15.
dxe5 h6 16. Ne4 Nd7 17. h5 Bxe4 18. Qxe4 Nc5 19. Qg2 b5 20. Be2 Kh8 21. Rdg1 Rg8
22. Rh3 Rad8 23. Rg3 Ne7 24. Be3 Na4 25. Bd3 Nd5 26. Bf2 Nxf4 27. Qf3 Nxd3+ 28.
cxd3 Qxe5 29. d4 Qf6 30. Qe2 Qg5+ 31. Be3 Qd5 32. Kb1 f6 33. g5 fxg5 34. Rxg5
Qe4+ 35. Ka1 hxg5 36. Rxg5 Rxd4 37. h6 Qh1+ 38. Rg1 Nc3 39. hxg7+ Rxg7 40. Rxh1+
Kg8 41. Qh2 1-0

[Event "TATA 14th IBCA Olympiad"]
[Site "Chennai IND"]
[Date "2012.08.16"]
[Round "6.1"]
[White "Nizam, Rasim"]
[Black "Pribeanu, Mihail-Dacian"]
[Result "0-1"]
[WhiteTitle "IM"]
[BlackTitle "FM"]
[WhiteElo "2232"]
[BlackElo "2176"]
[WhiteTeam "Bulgaria"]
[BlackTeam "Romania"]
[WhiteFideId "2906708"]
[BlackFideId "1209094"]
[EventDate "2012.08.10"]
[EventType "team"]

1. e4 c6 2. d4 d5 3. e5 Bf5 4. Nf3 e6 5. Be2 Nd7 6. O-O h6 7. Nbd2 Ne7 8. Nb3
Bh7 9. Bd2 Nf5 10. g4 Nh4 11. Nxh4 Qxh4 12. Bf4 f5 13. Bg3 Qe7 14. c3 O-O-O 15.
gxf5 Bxf5 16. h4 g5 17. h5 Rg8 18. Bg4 Bxg4 19. Qxg4 Qf7 20. Rae1 Be7 21. f3
Rdf8 22. Kg2 Nb6 23. Rf2 Na8 24. Nc1 Nc7 25. Nd3 Qh7 26. Re3 Rf5 27. b3 Qf7 28.
c4 Rd8 29. c5 Ne8 30. Re1 Ng7 31. Rh1 Qg8 32. b4 Qh7 33. Rd1 Rf7 34. a4 Nf5 35.
Re2 Rg8 36. Nf2 Kd7 37. Kh3 Rgf8 38. b5 Nh4 39. Bxh4 gxh4 40. Rd3 Rg8 0-1

[Event "TATA 14th IBCA Olympiad"]
[Site "Chennai IND"]
[Date "2012.08.16"]
[Round "6.4"]
[White "Bursuc, Mihai"]
[Black "Kichukov, Milko"]
[Result "0-1"]
[WhiteElo "1948"]
[BlackElo "1821"]
[WhiteTeam "Romania"]
[BlackTeam "Bulgaria"]
[WhiteFideId "1215086"]
[BlackFideId "2917882"]
[EventDate "2012.08.10"]
[EventType "team"]

1. e4 e5 2. Nf3 Nc6 3. d4 exd4 4. Bc4 Be7 5. Nxd4 d6 6. O-O Nf6 7. Nc3 O-O 8. h3
Bd7 9. Be3 a6 10. a4 Ne5 11. Be2 h6 12. f4 Nc6 13. Nf3 Re8 14. Bc4 Qc8 15. Kh2
Be6 16. Bd3 Bf8 17. Nd4 Bd7 18. Qf3 Qd8 19. g4 Nh7 20. Bc4 Be6 21. Nxe6 fxe6 22.
Rad1 Qe7 23. Qg2 Kh8 24. Bc1 g5 25. f5 exf5 26. Rxf5 Rac8 27. Bf7 Red8 28. Nd5
Qd7 29. Bg6 Qe6 30. Bf7 Qd7 31. b4 Bg7 32. b5 Ne5 33. Bh5 axb5 34. a5 Rf8 35.
Rdf1 Rxf5 36. Rxf5 Rf8 37. Rxf8+ Bxf8 38. Bb2 Bg7 39. Qf1 c6 40. Nb6 Qe6 41. Kg2
Nf6 42. Bxe5 Qxe5 43. Bg6 Nxe4 44. Qe1 Nc5 45. Qd2 Ne6 46. Bf5 Nf4+ 47. Kf3 Qc3+
48. Qxc3 Bxc3 49. Nc8 Bb4 50. Bd7 Ng6 51. Ke4 Ne5 52. Be6 Kg7 53. Kf5 Nf3 54.
Ke4 Kf6 55. Bf5 Ne5 56. c3 Bxa5 57. Nxd6 Bxc3 58. Nxb7 Ke7 59. Nc5 Nf7 60. Kd3
Ba1 61. Nb3 Bg7 62. Be4 Kd6 63. Na5 Ne5+ 64. Kc2 Bf6 65. Nb7+ Kc7 66. Nc5 Kb6
67. Ne6 c5 68. Bd5 b4 69. Kb3 Nc6 70. Ka4 Nd4 71. Nxd4 Bxd4 72. Kb3 Kb5 73. Bc4+
Kc6 74. Bf7 Kd6 75. Bc4 Ke5 76. Ba6 Kf4 77. Bf1 Kg3 78. Kc4 Kf2 79. Bd3 Kg2 80.
Kd5 Kxh3 81. Bf5 Kh4 82. Ke4 h5 83. Kf3 hxg4+ 84. Bxg4 b3 85. Be6 b2 86. Ba2 g4+
87. Kg2 g3 88. Bb1 Kg4 89. Bc2 Kf4 90. Bb1 Be5 91. Bc2 Ke3 92. Kf1 Kd2 0-1

[Event "TATA 14th IBCA Olympiad"]
[Site "Chennai IND"]
[Date "2012.08.16"]
[Round "6.1"]
[White "Cajzler, Hinko"]
[Black "Molnar, Lubos"]
[Result "1/2-1/2"]
[WhiteElo "2159"]
[BlackElo "1981"]
[WhiteTeam "Croatia"]
[BlackTeam "Slovakia"]
[WhiteFideId "14501376"]
[BlackFideId "14905795"]
[EventDate "2012.08.10"]
[EventType "team"]

1. d4 d5 2. Nf3 c6 3. Bf4 Nf6 4. h3 Qb6 5. Qc1 Bf5 6. e3 e6 7. Be2 c5 8. c3 Be7
9. Nbd2 h6 10. Ne5 Nc6 11. a4 Rc8 12. Nxc6 bxc6 13. a5 Qb7 14. dxc5 Bxc5 15. b4
Be7 16. a6 Qb6 17. O-O c5 18. b5 c4 19. Qb2 Rc5 20. Bd1 O-O 21. Ba4 Nd7 22. Nf3
f6 23. e4 Bxe4 24. Nd2 Bd3 25. Rfe1 Rcc8 26. Bc2 Bc5 27. Be3 Bxc2 28. Qxc2 Qxb5
29. Bxh6 gxh6 1/2-1/2

[Event "TATA 14th IBCA Olympiad"]
[Site "Chennai IND"]
[Date "2012.08.16"]
[Round "6.2"]
[White "Murin, Miroslav"]
[Black "Marendic, Vlatko"]
[Result "0-1"]
[WhiteElo "1866"]
[BlackElo "2073"]
[WhiteTeam "Slovakia"]
[BlackTeam "Croatia"]
[WhiteFideId "14919303"]
[BlackFideId "14503336"]
[EventDate "2012.08.10"]
[EventType "team"]

1. e4 c5 2. Nf3 a6 3. c4 e6 4. Nc3 b6 5. d4 cxd4 6. Nxd4 Bb7 7. Nc2 Qc7 8. Qe2
d6 9. g3 Nd7 10. Bg2 Ngf6 11. Bd2 Be7 12. O-O O-O 13. Rac1 Rac8 14. b3 Rfe8 15.
Ne3 Qb8 16. Kh1 Qa8 17. Ng4 d5 18. Nxf6+ Bxf6 19. cxd5 exd5 20. f3 b5 21. Qd3
Nc5 22. Qb1 dxe4 23. Nxe4 Nxe4 24. Rxc8 Nxg3+ 25. hxg3 Qxc8 26. Bf4 Qe6 27. Rd1
g5 28. Rd6 Qe7 29. Qf5 gxf4 30. Rxf6 Qe1+ 0-1

[Event "TATA 14th IBCA Olympiad"]
[Site "Chennai IND"]
[Date "2012.08.16"]
[Round "6.4"]
[White "Minarcak, Pavol"]
[Black "Zaja, Stjepan1"]
[Result "1/2-1/2"]
[WhiteElo "1717"]
[BlackElo "1795"]
[WhiteTeam "Slovakia"]
[BlackTeam "Croatia"]
[WhiteFideId "14930854"]
[BlackFideId "14518732"]
[EventDate "2012.08.10"]
[EventType "team"]

1. e4 c5 2. Nf3 Nc6 3. d4 cxd4 4. Nxd4 Nf6 5. Nc3 d6 6. Be2 e6 7. Be3 Be7 8. O-O
O-O 9. Qd2 a6 10. Rad1 Bd7 11. f4 Nxd4 12. Qxd4 Bc6 13. a4 Qc7 14. b4 Rac8 15.
b5 axb5 16. axb5 Bd7 17. Rd3 e5 18. Qb4 b6 19. fxe5 dxe5 20. Qxe7 Rfe8 21. Qb4
Be6 22. Rfd1 Bc4 23. R3d2 Bxe2 24. Nxe2 Ng4 25. Bf2 Nxf2 26. Kxf2 Rcd8 27. Rxd8
Rxd8 28. Rxd8+ Qxd8 29. Qc4 Qe8 30. Qc6 Qd8 31. Qd5 Qf6+ 32. Kg1 g6 33. Qc6 Qd8
34. Qc4 Qh4 35. Ng3 Qf4 36. Qd3 h5 37. Ne2 Qh4 38. g3 Qe7 39. Nc3 h4 40. Nd5
Qc5+ 41. Kg2 hxg3 42. hxg3 Kg7 43. g4 Qc8 44. Kg3 Qc5 45. Qf1 Kf8 46. Qh1 Qa3+
47. Kf2 Qc5+ 48. Ne3 Kg8 49. Qd1 Qa3 50. Qd8+ Kg7 51. Qxb6 Qc3 52. Qf6+ Kg8 53.
Qd8+ Kg7 54. Qf6+ Kg8 55. Qd8+ Kg7 56. Qf6+ 1/2-1/2

[Event "TATA 14th IBCA Olympiad"]
[Site "Chennai IND"]
[Date "2012.08.16"]
[Round "6.2"]
[White "Aksu, Mumin"]
[Black "Bibikov, Yuriy"]
[Result "0-1"]
[WhiteElo "1905"]
[BlackElo "2038"]
[WhiteTeam "Turkey"]
[BlackTeam "Kazakhstan"]
[WhiteFideId "6337252"]
[BlackFideId "13705814"]
[EventDate "2012.08.10"]
[EventType "team"]

1. e4 d6 2. d4 Nd7 3. Nf3 c6 4. Bc4 Ngf6 5. e5 dxe5 6. dxe5 Ne4 7. Qd4 Nec5 8.
b4 Ne6 9. Bxe6 fxe6 10. Ng5 Qb6 11. Qf4 Nf6 12. exf6 exf6 13. Nf3 Bxb4+ 14. c3
Be7 15. O-O O-O 16. Rd1 Qa6 17. Be3 e5 18. Qe4 Be6 19. Qc2 g6 20. Nbd2 Qa5 21.
Nb3 Qa4 22. Nbd4 Qxc2 23. Nxc2 Kf7 24. Rd2 g5 25. Nfe1 h5 26. a4 f5 27. f3 h4
28. Bf2 Rg8 29. a5 g4 30. fxg4 Rxg4 31. Rb1 Bc8 32. Nd3 Ke6 33. Re1 Bf6 34. Nc5+
Ke7 35. Ne3 Rg7 36. Nc4 e4 37. Bd4 Bxd4+ 38. Rxd4 Kf6 39. Rd8 b6 40. axb6 axb6
41. Nb3 Ra2 42. Rd2 Rxd2 43. Ncxd2 c5 44. Nc4 Be6 45. Ncd2 Rd7 46. Kf2 Rd3 47.
Re3 Rd6 48. c4 Rd8 49. g3 hxg3+ 50. hxg3 Ra8 51. Rc3 Rh8 52. Nf1 Ke5 53. Ne3 f4
54. gxf4+ Kxf4 55. Nc1 Ke5 56. Ne2 Rh2+ 57. Ke1 Rh1+ 58. Kd2 Rb1 59. Rc2 Rb4 60.
Kc3 b5 61. cxb5 Rxb5 62. Nc4+ Bxc4 63. Kxc4 Rb8 64. Rd2 e3 65. Rd7 Ke4 66. Rf7
Rb2 67. Nc3+ Ke5 68. Re7+ Kd6 69. Rxe3 Rb4+ 70. Kd3 Rd4+ 71. Kc2 Rh4 72. Rg3 Rf4
73. Rg6+ Kd7 74. Kd3 Rd4+ 75. Ke3 Rd6 76. Rg8 Kc6 77. Rc8+ Kb6 78. Ke4 Rc6 79.
Rb8+ Kc7 80. Rb1 Rh6 81. Nd5+ Kc8 82. Rb5 c4 83. Nb6+ Kc7 84. Nxc4 Rh4+ 85. Kd5
Rh5+ 86. Ne5 Rh1 87. Rb2 Rd1+ 88. Kc5 Rc1+ 89. Nc4 Rh1 90. Rd2 Rh5+ 91. Kb4 Rh4
92. Rd5 Rh6 93. Rg5 Rh1 94. Kc5 Kd7 95. Rd5+ Ke7 96. Re5+ Kf6 97. Rd5 Rc1 98.
Rd6+ Kf5 99. Rd5+ Ke6 100. Rd6+ Ke7 101. Kd5 Re1 0-1

[Event "TATA 14th IBCA Olympiad"]
[Site "Chennai IND"]
[Date "2012.08.16"]
[Round "6.3"]
[White "Kabyzhanov, Bulat"]
[Black "Boztepe, Suleyman"]
[Result "1-0"]
[WhiteElo "2109"]
[BlackElo "1803"]
[WhiteTeam "Kazakhstan"]
[BlackTeam "Turkey"]
[WhiteFideId "13705822"]
[BlackFideId "6378951"]
[EventDate "2012.08.10"]
[EventType "team"]

1. d4 d5 2. c4 e6 3. Nc3 Nf6 4. Nf3 Nc6 5. e3 Bd7 6. Be2 Bd6 7. O-O O-O 8. Qc2
dxc4 9. Bxc4 e5 10. d5 Ne7 11. e4 h6 12. h3 c6 13. dxc6 Bxc6 14. Rd1 Qc7 15. Bb3
Rac8 16. a3 b5 17. Bxh6 gxh6 18. Qd2 Rfd8 19. Qxh6 Nxe4 20. Nxe4 Bxe4 21. Ng5
Bg6 22. Bxf7+ Bxf7 23. Qh7+ 1-0

[Event "TATA 14th IBCA Olympiad"]
[Site "Chennai IND"]
[Date "2012.08.16"]
[Round "6.1"]
[White "Deville, Olivier"]
[Black "Kakade, Atul"]
[Result "1-0"]
[WhiteElo "1976"]
[BlackElo "1647"]
[WhiteTeam "France"]
[BlackTeam "India - B"]
[WhiteFideId "624160"]
[BlackFideId "25010271"]
[EventDate "2012.08.10"]
[EventType "team"]

1. Nf3 Nf6 2. c4 c6 3. b3 e6 4. g3 d5 5. Bg2 Nbd7 6. O-O Be7 7. Bb2 O-O 8. Qc2
h6 9. d4 Re8 10. Rd1 Qc7 11. Nc3 Bd6 12. e4 dxe4 13. Nxe4 Nxe4 14. Qxe4 Nf6 15.
Qc2 Bd7 16. Rac1 Rad8 17. Qb1 Qa5 18. Ne5 Ba3 19. Bxa3 Qxa3 20. g4 Qe7 21. f4
Nh7 22. Be4 Nf8 23. Qd3 Qh4 24. Qf3 f6 25. Ng6 Nxg6 26. Bxg6 Rf8 27. Rc2 e5 28.
f5 Be8 29. Rcd2 Bxg6 30. fxg6 Rfe8 31. d5 cxd5 32. Rxd5 Rb8 33. Rd7 Qg5 34. Qf5
Qe3+ 35. Kh1 Qb6 36. h4 Qc6+ 37. Kh2 b5 38. R1d6 Qc5 39. Rxg7+ Kh8 40. Qxf6 1-0

[Event "TATA 14th IBCA Olympiad"]
[Site "Chennai IND"]
[Date "2012.08.16"]
[Round "6.2"]
[White "Patel, Darshan blind"]
[Black "Belazzoug, Farid"]
[Result "1-0"]
[WhiteElo "1811"]
[BlackElo "1698"]
[WhiteTeam "India - B"]
[BlackTeam "France"]
[WhiteFideId "5051436"]
[BlackFideId "20602103"]
[EventDate "2012.08.10"]
[EventType "team"]

1. e4 e6 2. d4 d5 3. exd5 exd5 4. Nc3 c6 5. Bd3 Bd6 6. Nge2 Ne7 7. O-O O-O 8.
Bf4 Bf5 9. Qd2 Bxd3 10. Qxd3 Ng6 11. Bg3 Na6 12. Rae1 Nc7 13. Bxd6 Qxd6 14. f4
f5 15. Nd1 Rae8 16. Ne3 Ne7 17. c4 Ne6 18. Qb3 dxc4 19. Nxc4 Qd5 20. Rd1 Ng6 21.
Nc3 Qd7 22. Ne5 Qc8 23. g3 Kh8 24. Rfe1 Nd8 25. Re3 Re6 26. Rde1 Nxe5 27. dxe5
Rfe8 28. Rd1 R6e7 29. Qc2 Rd7 30. Red3 Rxd3 31. Qxd3 g6 32. Qd7 Ne6 33. b4 Nf8
34. Qxc8 Rxc8 35. Na4 b6 36. Rd6 c5 37. bxc5 bxc5 38. e6 Re8 39. Nxc5 Kg7 40.
Ra6 Kf6 41. Nd7+ Ke7 42. Nxf8 Kxf8 43. Rxa7 Re7 44. Ra6 Kg7 45. Kf2 Kf6 46. Ke3
Rxe6+ 47. Rxe6+ Kxe6 48. Kd4 Kd6 49. a4 h6 50. a5 g5 51. a6 gxf4 52. gxf4 1-0

[Event "TATA 14th IBCA Olympiad"]
[Site "Chennai IND"]
[Date "2012.08.16"]
[Round "6.3"]
[White "Le Moy, Patrick"]
[Black "Patil, Shirish"]
[Result "0-1"]
[WhiteElo "1633"]
[BlackElo "1826"]
[WhiteTeam "France"]
[BlackTeam "India - B"]
[WhiteFideId "680699"]
[BlackFideId "5081904"]
[EventDate "2012.08.10"]
[EventType "team"]

1. d4 c5 2. d5 d6 3. c4 e5 4. e4 Be7 5. Nf3 Bg4 6. Be2 Bxf3 7. Bxf3 Bg5 8. Nc3
Bxc1 9. Rxc1 Ne7 10. Qa4+ Kf8 11. Bg4 g6 12. O-O Kg7 13. Qc2 Nd7 14. Bxd7 Qxd7
15. f4 exf4 16. Rxf4 g5 17. Rf2 Ng6 18. Rcf1 Ne5 19. Qe2 h5 20. Rf5 g4 21. Qf2
Rh6 22. Rg5+ Kh7 23. b3 Rg8 24. Qh4 Qd8 25. Rff5 Rxg5 26. Rxg5 Ng6 27. Qf2 Qxg5
28. Qxf7+ Kh8 29. Qe8+ Kg7 30. Qd7+ Ne7 0-1

[Event "TATA 14th IBCA Olympiad"]
[Site "Chennai IND"]
[Date "2012.08.16"]
[Round "6.4"]
[White "Gaurav Gadodia"]
[Black "Peignien, Laurent"]
[Result "1-0"]
[WhiteElo "1807"]
[BlackElo "1511"]
[WhiteTeam "India - B"]
[BlackTeam "France"]
[WhiteFideId "5034230"]
[BlackFideId "20620705"]
[EventDate "2012.08.10"]
[EventType "team"]

1. e4 e6 2. d4 d5 3. e5 c5 4. c3 Nc6 5. Be3 Qb6 6. Qd2 cxd4 7. cxd4 Na5 8. Nc3
Nc4 9. Bxc4 dxc4 10. Rd1 Be7 11. Nf3 Qa6 12. O-O b5 13. d5 exd5 14. Nxd5 Bd8 15.
Nf6+ 1-0

[Event "TATA 14th IBCA Olympiad"]
[Site "Chennai IND"]
[Date "2012.08.16"]
[Round "6.1"]
[White "Bindzus, Ernst"]
[Black "Harnandan, Sergio"]
[Result "1-0"]
[WhiteElo "1910"]
[BlackElo "1982"]
[WhiteTeam "Denmark"]
[BlackTeam "Netherland"]
[WhiteFideId "1411950"]
[BlackFideId "1029169"]
[EventDate "2012.08.10"]
[EventType "team"]

1. e4 c6 2. d4 d5 3. f3 dxe4 4. fxe4 e5 5. Nf3 exd4 6. Bc4 Nf6 7. O-O Be6 8.
Bxe6 fxe6 9. e5 Nd5 10. Ng5 Ne3 11. Bxe3 dxe3 12. Qxd8+ Kxd8 13. Nf7+ Kc7 14.
Nxh8 Bc5 15. Kh1 Nd7 16. Nf7 Rf8 17. Nc3 Bd4 18. Ng5 1-0

[Event "TATA 14th IBCA Olympiad"]
[Site "Chennai IND"]
[Date "2012.08.17"]
[Round "7.1"]
[White "Swapanil, Shah"]
[Black "Meshkov, Yuri A."]
[Result "0-1"]
[BlackTitle "IM"]
[WhiteElo "1884"]
[BlackElo "2390"]
[WhiteTeam "India - A"]
[BlackTeam "Russia"]
[WhiteFideId "5043484"]
[BlackFideId "4107101"]
[EventDate "2012.08.10"]
[EventType "team"]

1. Nf3 c5 2. c4 g6 3. g3 Bg7 4. Bg2 Nc6 5. Nc3 a6 6. d3 Rb8 7. a4 d6 8. Bd2 Nh6
9. e3 Bf5 10. e4 Bg4 11. h3 Bxf3 12. Bxf3 Nd4 13. Bg2 f5 14. Nd5 e6 15. Nf4 fxe4
16. dxe4 O-O 17. Bc3 Rxf4 18. gxf4 Qh4 19. Bd2 Rf8 20. O-O Rxf4 21. Bxf4 Qxf4
22. Ra3 Be5 23. Rg3 a5 24. Re1 Qh4 25. Rd3 b6 26. b3 Qf4 27. Rg3 Qf6 28. Rd3 Nf7
29. Qg4 Bf4 30. Rxd4 cxd4 31. Rd1 h5 32. Qf3 Ne5 33. Qe2 Nd7 34. Rd3 Nc5 35. Rf3
Kg7 36. Qd1 e5 37. Qe2 Kh6 38. Kf1 Qg5 39. Qc2 Bh2 40. Rd3 Nxd3 41. Qxd3 Qc1+
42. Ke2 Bf4 43. Bf1 Kg5 44. Kf3 Qc3 45. Qxc3 dxc3 46. Bd3 Kh4 47. Kg2 Bd2 48.
Bc2 Be1 49. f3 Bd2 50. Bd1 Be3 51. Bc2 Kg5 52. Kg3 h4+ 53. Kg2 Kf4 54. Bd1 Bd4
55. Bc2 Ke3 56. Bb1 g5 0-1

[Event "TATA 14th IBCA Olympiad"]
[Site "Chennai IND"]
[Date "2012.08.17"]
[Round "7.2"]
[White "Pakhomov, Alexey"]
[Black "Kishan, Gangolli"]
[Result "1/2-1/2"]
[WhiteTitle "IM"]
[WhiteElo "2416"]
[BlackElo "1972"]
[WhiteTeam "Russia"]
[BlackTeam "India - A"]
[WhiteFideId "4129016"]
[BlackFideId "5049350"]
[EventDate "2012.08.10"]
[EventType "team"]

1. Nc3 Nf6 2. d4 d5 3. Bg5 Bf5 4. Qd2 Nbd7 5. f3 h6 6. Bh4 c6 7. e3 e5 8. O-O-O
Qa5 9. Bd3 Bxd3 10. Qxd3 Bb4 11. Nge2 exd4 12. exd4 O-O-O 13. a3 Bd6 14. Bg3 Nb6
15. Bxd6 Rxd6 16. Rhe1 Re8 17. Nf4 Rdd8 18. Qf5+ Nbd7 19. Nd3 Qc7 20. Ne5 Re7
21. Re3 Rde8 22. Rde1 g6 23. Qh3 Kd8 24. f4 Nxe5 25. fxe5 Ng8 26. Qf3 Qd7 27. g4
f6 28. exf6 Rxe3 29. Rxe3 Rxe3 30. Qxe3 Nxf6 31. h3 g5 32. Qe5 Ne8 33. Ne2 Qd6
34. Qxd6+ Nxd6 35. Ng3 Ke7 36. c3 Kf6 37. b3 a6 38. Kc2 Ke6 39. Kd3 Kf6 40. a4
a5 41. c4 Ke6 42. c5 Ne8 43. Nh5 Kd7 44. Kc3 Kc7 45. b4 b6 46. Kb3 bxc5 47. bxc5
Kd7 48. Kc3 Ke6 49. Kd3 Kf7 50. Ng3 Ng7 51. Ke3 Kf6 52. Ne2 Ne6 53. Nc1 Nd8 54.
Nb3 Nb7 55. Kd3 Ke7 56. Kc3 Kd7 57. Kd2 Ke7 58. Kd3 Ke8 59. Ke3 Ke7 60. Ke2 Ke8
61. Kd3 Kd7 62. Kc3 Kc7 63. Kd3 Kd7 64. Ke3 Ke7 65. Nc1 Nd8 66. Nb3 Nb7 67. Nc1
Nd8 1/2-1/2

[Event "TATA 14th IBCA Olympiad"]
[Site "Chennai IND"]
[Date "2012.08.17"]
[Round "7.3"]
[White "Darpan, Inani"]
[Black "Smirnov, Sergei1"]
[Result "1/2-1/2"]
[WhiteElo "2015"]
[BlackElo "2333"]
[WhiteTeam "India - A"]
[BlackTeam "Russia"]
[WhiteFideId "5065992"]
[BlackFideId "4120884"]
[EventDate "2012.08.10"]
[EventType "team"]

1. e4 c5 2. Nf3 d6 3. d4 cxd4 4. Nxd4 Nf6 5. Nc3 Nc6 6. Bg5 e6 7. Qd2 Be7 8.
O-O-O O-O 9. f4 h6 10. Bxf6 Bxf6 11. Ndb5 e5 12. g3 a6 13. Nxd6 Bg4 14. Be2 Bxe2
15. Nxe2 Qc7 16. Nf5 Rfd8 17. Qe3 Rac8 18. c3 b5 19. Kb1 Na5 20. Qc1 Qb7 21. Qc2
Nc4 22. Ka1 Kh7 23. fxe5 Bxe5 24. Rxd8 Rxd8 25. Rd1 Rxd1+ 26. Qxd1 Qxe4 27. Qb1
Qxb1+ 28. Kxb1 g6 29. Nfd4 Ne3 30. Kc1 Kg7 31. b3 f5 32. Nf3 Bd6 33. Kd2 Ng4 34.
Kd3 Be5 35. Ned4 Kf6 36. b4 Bd6 37. a3 Nf2+ 38. Ke2 Ne4 39. Kd3 g5 40. c4 bxc4+
41. Kxc4 g4 42. Nh4 f4 43. Kd5 fxg3 44. hxg3 Bxg3 45. Nhf5 Nc3+ 46. Kc4 Be1 47.
Nxh6 g3 48. Nf3 g2 49. Ng4+ Ke6 50. Ne3 g1=Q 51. Nxg1 Nb5 52. Nf3 Nxa3+ 1/2-1/2